000 00339 a2200157 4500
001 16906
020 _a9788506057681
040 _cAnchieta - Bela Vista
240 1 0 _aMichaelis
_lpor
245 1 0 _aMichaelis
300 _a952
362 0 _a2010
440 1 _aMelhoramentos
650 4 _aDicionários da língua portuguesa
942 _cBK
999 _c16906
_d16906